000 01107nam0a22002651i 4500
001 rc\2255008
005 20240723121724.0
035 _a(NLR Aleph) 006654976
090 _a4833952
_c4833952
100 _a20110829d1978 |||y0rusy50 ca
101 0 _arus
102 _aRU
105 _ay d |||||
200 1 _aДеятельность КПСС по ускорению темпов роста производительности труда в промышленности
_e(Опыт парт. организаций Украины 1966-1970 гг.)
_eАвтореф. дис. на соиск. учен. степ. канд. ист. наук
_e(07.00.01)
210 _aКиев
_d1978
215 _a24 с.
300 _aВ надзаг.: Киев. гос. ун-т им. Т.Г. Шевченко
320 _aСписок работ авт.: с. 23-24 (4 назв.)
700 1 _aКатрич
_bВ.П.
_gВиктор Петрович
801 0 _aRU
_bNLR
_gpsbo
801 1 _aRU
_bELAR
_2rusmarc
852 _aNLR
_j79-4/14145
899 _aRuMoRGB
_jДр 376/186
899 _aRuMoRGB
_jДр 376/187
942 _cBOOK